| 000 | 01239cam a2200217 4500 | ||
|---|---|---|---|
| 001 | WB3929-07 | ||
| 008 | 030731n2003 000 0 eng u | ||
| 035 | _a(Sirsi) u123154 | ||
| 245 | _aWebsite lets manufacturing & suppliers tap into technological tax relief | ||
| 260 | _c2003 | ||
| 490 |
_aDEFRA News Release _v(318/03) 30 July 2003, (2) |
||
| 520 | _aNew website is launched under the Enhanced Capital Allowances Scheme which will enable manufacturers and suppliers of water technologies to apply online to have their products considered for inclusion on the Water Technology List. Businesses could get 100% tax relief by buying a product from the list. The criteria for the five qualifying technologies that were announced in the budget include, meters and monitoring equipment and leakage detection equipment. The website can be found at: http://www.eca-water.gov.uk/For the DEFRA news release: http://www.defra.gov.uk/news/2003/030730a.htm | ||
| 590 | _aWB | ||
| 650 | _aSUSTAINABLE WATER USE | ||
| 650 | _aENHANCED CAPITAL ALLOWANCE | ||
| 650 | _aWATER TECHNOLOGY LIST | ||
| 650 | _aTAX RELIEF | ||
| 650 | _aMONITORING EQUIPMENT | ||
| 690 | _aENVIRONMENTAL AND LAND CONSULTANCY-ENVIRONMENTAL MANAGEMENT | ||
| 942 | _n0 | ||
| 999 |
_c73137 _d73137 |
||